00504nam a22001577a 4500999001700000082001600017100001600033100002400049100004400073245003400117260002700151300000800178700004300186942001100229952010600240 c66810d66807 aR/5BS(CS)16 aRasool Bux  aRoll No. 16BS(CS)03 aSupervisor - Dr. Muhammad Saleem Vighio aDelicious Dishes Android App. aNawabshahbQUESTc2019 a56p aNabeel Muhammadi (Roll No. 16BS(CS)01) cTHESIS 00104070aRESEARCHbRESEARCHd2021-01-07l0oR/5BS(CS)16pBSCSP/15-148r2021-01-07 00:00:00yTHESIS